000 00508nam a22001817a 4500
999 _c3405
_d3362
008 190520b ||||| |||| 00| j eng d
020 _a9789750817991
041 _atur
050 _aPL248.C423
100 _91534
_aÇelik, Ayşegül
245 _a Kâğıt Gemiler : Öykü
250 _a1.Baskı
260 _aİstanbul:
_bYapı Kredi Yayınları,
_cMayıs 2010
300 _a79 Sayfa
500 _aYapı Kredi Yayınları - 3117 Edebiyat - 923
650 0 _9145
_aTürk Edebiyatı
942 _2lcc
_cBK